LEADER 01215nam a2200301 i 4500 001 000000171954 003 CaOOAMICUS 005 20080527000000.0 008 080527s1968 it u000 u ita u 013 $a149389 040 $aSeMil$bita 100 1 $aMina, Claudio.$0(OLS)http://semarc/name/64328 245 12$aL'io e il gruppo nella psicologia /$cClaudio Mina, Giulio Marchesi, Regina Betz. 260 $aRoma :$bCittà Nuova,$c1968. 300 $a120 p. ;$c20 cm. 490 0 $aQuaderni di Ekklesia ;$v4 500 $aFondo Card. Giovanni Colombo. 650 4$aPsicologia sociale.$0(OLS)http://semarc/subject/627 650 4$aPersonalità.$0(OLS)http://semarc/subject/1961 700 1 $aBetz, Regina.$0(OLS)http://semarc/name/64329 700 1 $aMarchesi, Giulio.$0(OLS)http://semarc/name/35377 830 0$aQuaderni di Ekklesia ;$v4.$0(OLS)http://semarc/title/25784 850 $aSeMil 852 $aSeMil$W1$xVenegono$y1$m2O II 431$j122818$B122818$CSeMilBibl$Z2$F137300 $81 941 1 $a3 961 $aLascito: Colombo Card. Giovanni 996 $6245$aL'io e il gruppo nella psicologia$9(OLS)http://semarc/title/246131 996 $6260$aRoma :$bCittà Nuova$9(OLS)http://semarc/publisher/29609 LEADER 00719nam a2200193 4500 001 000000359653 003 CaOOAMICUS 005 20240903140648.0 008 240903s1891 it a 000 u ita r 040 $aSeMil$bita 245 10$aVol. 2 /$cPalmiro Premoli. 264 1$aMilano :$bSonzogno,$c1891. 300 $a[8], 528 p. :$bill. ;$c31 cm 773 0 $aPremoli, Palmiro <1856-1917>$tItalia geografica illustrata.$dMilano : Sonzogno, 1891-1901.$g1$w()359651 850 $aSeMil 852 $aSeMil$W1$xVenegono$y1$m4Y V 7 FA$j250589$B250705$CSeMilBibl$Z2$F250705 $8I 996 $6245$aVol. 2$9(OLS)http://semarc/title/54073 996 $6264$aMilano :$bSonzogno$9(OLS)http://semarc/publisher/31743